Africa Center for Strategic Studies research paper
| Corporate Author: | |
|---|---|
| Format: | Electronic Journal |
| Language: | English French Portuguese |
| Published: |
Washington, DC :
National Defense University, Africa Center for Strategic Studies
|
| Subjects: | |
| Online Access: | Full text available from Research Library: 09/01/2010 to 07/31/2014 |
MARC
| LEADER | 00000nas a22000007a 4500 | ||
|---|---|---|---|
| 001 | ssj0000553547 | ||
| 003 | WaSeSS | ||
| 005 | 20200512172242.0 | ||
| 006 | m d | ||
| 007 | cr n | ||
| 008 | 111027c20109999dcu x p s 0 a0eng | ||
| 010 | |a 2011202184 | ||
| 022 | |a 2164-4101 |y 2164-4128 | ||
| 035 | |a (WaSeSS)ssj0000553547 | ||
| 037 | |b ACSS Research Papers, 300 5th Avenue, Building 62 Fort McNair, DC 20319-5066 | ||
| 040 | |a DLC |b eng |c DLC |d DLC |d OCLCQ |d DKU |d OCLCO |d OCLCA |d OCLCF |d OCLCQ |d WaSeSS | ||
| 041 | 0 | |a eng |a fre |a por | |
| 042 | |a nsdp |a pcc | ||
| 043 | |a f------ | ||
| 082 | 1 | 0 | |a 355.03306 |2 14 |
| 222 | 0 | |a Africa Center for Strategic Studies research paper |b (Online) | |
| 245 | 0 | 0 | |a Africa Center for Strategic Studies research paper |h [electronic resource]. |
| 246 | 1 | |a ACSS research papers | |
| 246 | 1 | 1 | |a Papier de recherche du Centre d'études stratégiques de l'Afrique |
| 246 | 1 | 1 | |a Centro de Estudos Estratégicos de África trabalho de pesquisa |
| 260 | |a Washington, DC : |b National Defense University, Africa Center for Strategic Studies | ||
| 310 | |a Irregular | ||
| 362 | 1 | |a Began with: No. 1 (Sept. 2010). | |
| 506 | |a License restrictions may limit access. | ||
| 546 | |a Some issues available in choice of English, French or Portuguese. | ||
| 588 | |a Latets issue consulted: No. 3 (July 2011) (ACSS's website, viewed on Oct. 27, 2011). | ||
| 588 | |a Description based on: No. 1 (Sept. 2010); title from PDF title page (ACSS's website, viewed on Oct. 27, 2011). | ||
| 650 | 0 | |a Political science |z Africa. | |
| 650 | 7 | |a Political science. |2 fast |0 (OCoLC)fst01069781 | |
| 651 | 7 | |a Africa. |2 fast |0 (OCoLC)fst01239509 | |
| 655 | 0 | |a Electronic journals. | |
| 710 | 2 | |a National Defense University. |b Africa Center for Strategic Studies. | |
| 776 | 0 | 8 | |i Print version: |t Africa Center for Strategic Studies research paper. |b English ed. |x 2164-4128 |w (DLC) 2011202183 |w (OCoLC)758899720 |
| 776 | 0 | 8 | |i Print version: |t Papier de recherche du Centre d'études stratégiques de l'Afrique. |b French ed. |x 2164-4241 |w (DLC) 2011202182 |w (OCoLC)758974935 |
| 856 | 4 | 0 | |z Full text available from Research Library: 09/01/2010 to 07/31/2014 |u https://search.proquest.com/publication/1636342 |